000
00335nam a22001457a 4500
008
210308b ||||| |||| 00| 0 eng d
020
_a
007041551X
041
_a
eng
080
_2
5th
_a
33
082
_a
33
100
_a
59
101
_a
BIZ
245
_a
Accounting the Basis for Business Decisions
_c
Meigs, W. B
942
_2
udc
_c
BK
999
_c
55924
_d
55924